Características distributivas, presupuestos familiares y el impacto distributivo de las tarifas públicas (Registro nro. 24865)

Detalles MARC
000 -LEADER
fixed length control field 00419 a2200121 4500
001 - CONTROL NUMBER
control field ART_11022
005 - DATE AND TIME OF LATEST TRANSACTION
control field 20260410161849.0
008 - FIXED-LENGTH DATA ELEMENTS--GENERAL INFORMATION
fixed length control field 260409a
100 1# - MAIN ENTRY--PERSONAL NAME
Personal name Porto, Alberto
245 10 - TITLE STATEMENT
Title Características distributivas, presupuestos familiares y el impacto distributivo de las tarifas públicas
700 1# - ADDED ENTRY--PERSONAL NAME
Personal name Navajas, Fernando
773 0# - HOST ITEM ENTRY
Title Económica
Related parts - Año XXXIV,Nº 1 (ene./jun.1988)
Record control number REV7541

No hay ítems disponibles.